| 000 -LEADER |
| fixed length control field |
01894cam a2200361 a 4500 |
| 001 - CONTROL NUMBER |
| control field |
7690391 |
| 003 - CONTROL NUMBER IDENTIFIER |
| control field |
USPCAS-E |
| 005 - DATE AND TIME OF LATEST TRANSACTION |
| control field |
20180118181415.0 |
| 006 - FIXED-LENGTH DATA ELEMENTS--ADDITIONAL MATERIAL CHARACTERISTICS |
| fixed length control field |
m d |
| 007 - PHYSICAL DESCRIPTION FIXED FIELD--GENERAL INFORMATION |
| fixed length control field |
cr n |
| 008 - FIXED-LENGTH DATA ELEMENTS--GENERAL INFORMATION |
| fixed length control field |
011101s2001 enka sb 001 0 eng d |
| 020 ## - INTERNATIONAL STANDARD BOOK NUMBER |
| International Standard Book Number |
0750650737 |
| 035 ## - SYSTEM CONTROL NUMBER |
| System control number |
(WaSeSS)ssj0000145192 |
| 040 ## - CATALOGING SOURCE |
| Original cataloging agency |
EYM |
| Transcribing agency |
EYM |
| Modifying agency |
TXA |
| -- |
COD |
| -- |
DLC |
| -- |
WaSeSS |
| 042 ## - AUTHENTICATION CODE |
| Authentication code |
lccopycat |
| 050 #4 - LIBRARY OF CONGRESS CALL NUMBER |
| Classification number |
TK2785 |
| Item number |
.E42 2001 |
| 082 00 - DEWEY DECIMAL CLASSIFICATION NUMBER |
| Classification number |
621.43 |
| Edition number |
21 |
| Author Mark |
ELE 2001 |
| 210 10 - ABBREVIATED TITLE |
| Abbreviated title |
Electronic control of switched reluctance machines |
| 245 00 - TITLE STATEMENT |
| Title |
Electronic control of switched reluctance machines |
| Medium |
[electronic resource] / |
| Statement of responsibility, etc. |
edited by T.J.E. Miller. |
| 260 ## - PUBLICATION, DISTRIBUTION, ETC. |
| Place of publication, distribution, etc. |
Oxford ; |
| -- |
Boston : |
| Name of publisher, distributor, etc. |
Newnes, |
| Date of publication, distribution, etc. |
c2001. |
| 440 #0 - SERIES STATEMENT/ADDED ENTRY--TITLE |
| Title |
Newnes power engineering series |
| 502 ## - DISSERTATION NOTE |
| Dissertation note |
0 |
| 504 ## - BIBLIOGRAPHY, ETC. NOTE |
| Bibliography, etc. note |
Includes bibliographical references (p. [252]-266) and index. |
| 505 0# - FORMATTED CONTENTS NOTE |
| Formatted contents note |
Introduction / T.J.E. Miller -- Development history / Antony F. Anderson -- Electromagnetic energy conversion / T.J.E. Miller -- Designing for low noise / W.A. Pengov and R.L. Weinberg -- Average torque control / Lynne Kelly, Calum Cossar and T.J.E. Miller -- Instantaneous torque control / Philip C. Kjaer and Jeremy J. Gribble -- Sensorless control / Gabriel Gallegos-López -- Torque ripple control in a practical application / Kevin McLaughlin -- Drive development and test / Calum Cossar and Lynne Kelly -- The switched reluctance generator / Tadashi Sawata. |
| 506 ## - RESTRICTIONS ON ACCESS NOTE |
| Terms governing access |
License restrictions may limit access. |
| 650 #0 - SUBJECT ADDED ENTRY--TOPICAL TERM |
| Topical term or geographic name entry element |
Reluctance motors |
| General subdivision |
Automatic control. |
| 650 #0 - SUBJECT ADDED ENTRY--TOPICAL TERM |
| Topical term or geographic name entry element |
Electronic control. |
| 700 1# - ADDED ENTRY--PERSONAL NAME |
| Personal name |
Miller, T. J. E. |
| Fuller form of name |
(Timothy John Eastham), |
| Dates associated with a name |
1947- |
| 773 #0 - HOST ITEM ENTRY |
| Title |
Referex Electronics and Electrical Engineering |
| 856 40 - ELECTRONIC LOCATION AND ACCESS |
| Uniform Resource Identifier |
<a href="http://www.columbia.edu/cgi-bin/cul/resolve?clio7690391">http://www.columbia.edu/cgi-bin/cul/resolve?clio7690391</a> |
| Public note |
Full text available from Referex Electronics and Electrical Engineering |
| 910 ## - USER-OPTION DATA (OCLC) |
| User-option data |
Library of Congress record |
| 942 ## - ADDED ENTRY ELEMENTS (KOHA) |
| Source of classification or shelving scheme |
|
| Koha item type |
Book |